| 000 | 00831nam a22002537a 4500 | ||
|---|---|---|---|
| 005 | 20170123162356.0 | ||
| 010 | _aA-688063 | ||
| 020 | _c50.00 | ||
| 035 | _aA-688063 | ||
| 037 | _bCen Lib/Ret | ||
| 040 |
_aDPL _bUR |
||
| 082 | _a841.016 | ||
| 100 |
_aعبدللہ خاور _9142787 |
||
| 245 |
_a/ مفتہ یقبل _c عبدللہ خاور |
||
| 246 |
_aMiftahe Iqbal _bby Abdullah Khaor |
||
| 260 |
_aشری نگر _bاقبل نستیتیتے _c1994 |
||
| 270 |
_aاقبلی نستیتیٹ کشمرنورستنے _bشری نگر |
||
| 300 |
_a235p. _c20cm (pbk) |
||
| 650 |
_aاردو ادب _vریسیرچ پپر _9481 |
||
| 650 |
_aاردو شاعر-تحقیق _9482 |
||
| 650 |
_aUrdu Literature _vResearch pepar _9483 |
||
| 650 |
_aUrdu poet research _9484 |
||
| 942 |
_2ddc _cUR _h841.016 _mا ق ب |
||
| 999 |
_c109595 _d109595 |
||